000 01536cam a2200373 a 4500
999 _c26315
_d26315
001 3275723
005 20170203164031.0
008 810727s1981 dcua bc f001 0 eng
010 _a 81607836
020 _a086528010X
040 _aDLC
_cDLC
_dDLC
043 _an-us---
_an-us-dc
050 0 0 _aN6510
_b.C69 1981
110 2 _aCorcoran Gallery of Art.
245 1 0 _aOf time and place :
_bAmerican figurative art from the Corcoran Gallery /
_cessays by Edward J. Nygren and Peter C. Marzio ; catalog entries by Julie R. Myers, with the assistance of Edward J. Nygren.
260 _aWashington, D.C. :
_bSmithsonian Institution Traveling Exhibition Service, and the Corcoran Gallery of Art,
_cc1981.
300 _a196 p. :
_bill. ;
_c27 cm.
500 _aIncludes index.
504 _aBibliography: p. 192-193.
610 2 0 _aCorcoran Gallery of Art
_vExhibitions.
650 0 _aFigurative art, American
_y19th century
_vExhibitions.
650 0 _aFigurative art, American
_y20th century
_vExhibitions.
650 0 _aHuman beings in art
_vExhibitions.
650 0 _aArt genres
_zUnited States
_vExhibitions.
700 1 _aNygren, Edward J.
700 1 _aMarzio, Peter C.
700 1 _aMyers, Julie R.
710 2 _aSmithsonian Institution.
_bTraveling Exhibition Service.
942 _2lcc
_cBOOKS
_hN6510 .C69 1981